000 00739cam a22002413a 4500
001 16589
003 PGUSA
005 20140828083344.0
008 050824s2005||||xxu|||||s|||||000 | eng d
040 _aPGUSA
_beng
042 _adc
050 4 _aPS
100 1 _aWhite, Stewart Edward,
_d1873-1946
245 1 4 _aThe Killer
_h[electronic resource] /
_cStewart Edward White
260 _bProject Gutenberg,
_c2005
505 0 _aThe killer -- The road agent -- The tide -- Climbing for goats -- Moisture, a trace -- The ranch.
506 _aPublic domain in the USA.
516 _aElectronic text
653 _aWestern stories
830 0 _aProject Gutenberg
_v16589
856 4 0 _uhttp://www.gutenberg.org/ebooks/16589
942 _cEB
999 _c245844
_d245844